| 000 | 00993nam a2200277 i 4500 | ||
|---|---|---|---|
| 001 | 13034 | ||
| 003 | ES-MaACL | ||
| 005 | 20250629045716.0 | ||
| 007 | t| | ||
| 008 | 891026s1987 sp ||||0| spa j ..| | ||
| 015 | _a1989-NOV-22102 | ||
| 016 | 7 | _zSAB9000062868 | |
| 020 | _a84-404-0809-9 | ||
| 040 |
_aM-BN-DP _bspa _cM-BN-DP |
||
| 080 | _a860 León Felipe 1.06 | ||
| 100 | 1 |
_aAscunce Arrieta, José Ángel. _923553 |
|
| 245 | 1 | 3 |
_aLa Poesía profética de León Felipe / _cJosé Angel Ascunce Arrieta. |
| 260 |
_aSan Sebastián : _bUniversidad de Deusto, Facultad de Filosofía y Letras, _c1987. |
||
| 300 |
_a464 p ; _c23 cm. |
||
| 490 | 1 |
_aCuadernos universitarios. Departamento de literatura ; _v5 |
|
| 504 | _aBibliografía: p. 449-464. | ||
| 600 | 1 | 4 |
_aLeón Felipe, _d1884-1968- _xCrítica e interpretación _971614 |
| 830 | 0 |
_aCuadernos universitarios. Departamento de literatura ; _v5 _9179413 |
|
| 852 |
_aES-MaACL _jL-20364 _bR.115586 |
||
| 999 |
_c13034 _d13034 |
||